Open Data Biblioteca Nacional de Portugal


República Portuguesa: Ministério da Cultura
Biblioteca Nacional de Portugal

Catálogo da BNP: acesso por Identificadores Unívocos
Registos Bibliográficos associados ao registo de autoridade

Etiqueta de registo: 00000nam 2200025 450
001 1946838
003 http://id.bnportugal.gov.pt/bib/catbnp/1946838
010 ## $a978-84-8215-527-2
021 ## $aES$bM-14052-2016
021 ## $aPT$b409545/16
100 ## $a20161103d2016 m y0pory01030103ba
101 0# $apor$aeng
102 ## $aPT$aES
105 ## $aa b 000yy
106 ## $ar
200 1# $aArco Lisboa 2016$eFeira Internacional de Arte Contemporânea = International Contemporary Art Fair$forg. ARCOLisboa, IFEMA - Feria de Madrid$ged., coord. TF Editores$gtrad. Cristina Capaz, Sam Savage$zeng
210 #9 $a[S.l.]$cARCOLisboa$cTF Editores,$d2016
215 ## $a141, [2] p.$cil.$d24 cm
305 ## $aEd. bilingue em português e inglês
510 1# $aArco Lisboa 2016$eInternational Contemporary Art Fair$zeng
675 ## $a7.036"19/20"(083.82)$vBN$zpor$31664662
675 ## $a069(083.82)$vBN$zpor$31664663
675 ## $a061.4$vBN$zpor$3288771
702 #1 $aCapaz,$bCristina$4730$31661554
702 #1 $aSavage,$bSam$f1940-2019$4730$31422649
710 12 $aArco Lisboa,$eLisboa,$f2016$31661558
712 02 $aIFEMA - Feria de Madrid$4557$31661560
712 02 $aTF Editores$4340$31661535
801 #0 $aPT$bBN$gRPC
856 41 $uhttp://rnod.bnportugal.gov.pt/ImagesBN/winlibimg.aspx?skey=&doc=1946838&img=85573&save=true
900 ## $aBIBNAC$d20161207
966 ## $lBN$mFGMON$sB.A. 41129 V.$x1
966 ## $lBN$mFGMON$sB.A. 41129 V.-D$x1

Etiqueta de registo: 00000nkm 2200025 450
001 2265602
003 http://id.bnportugal.gov.pt/bib/catbnp/2265602
100 ## $a20260211d1986 m y0pory01030103ba
101 0# $aengspa
102 ## $aES
200 1# $aArco contemporary art, international fair of Madrid, 10-15 april'86$bVisual gráfico]$fIFEMA e Trade Fair Organization of Madrid$gDiseño Juan Ariño$gDiseño Diego Lara
210 #9 $a[Madrid]$cIFEMA$d1986$eMadrid :$gArtes Gráf. Danubio)
215 ## $a1 cartaz$ccolor.$d68x48 cm
317 ## $aColeção Madeira Luís
675 ## $a766(=1:469)"198"(084.5)$vBN$zpor$31974866
702 #1 $aAriño,$bJuan$4440$31985051
702 #1 $aLara,$bDiego$4440$31985053
710 02 $aIFEMA - Feria de Madrid$31661560
711 01 $aTrade Fair Organization of Madrid$31985055
801 #0 $aPT$bBN$gRPC
966 ## $lBN$mICONOG$sCT. 20439 A.$x3
971 ## $cCaticonografia5$d20260211
995 ## $aPRR2026 $d20260211$iCaticonografia5

Etiqueta de registo: 00000nkm 2200025 450
001 2265349
003 http://id.bnportugal.gov.pt/bib/catbnp/2265349
100 ## $a20260211d1985 m y0pory01030103ba
101 0# $aesp
102 ## $aES
200 1# $aArco arte contemporáneo – feria internacional de Madrid, 22–27 fevereiro 1985$bVisual gráfico]$fInstitución Ferial de Madrid$gDesigner: Juan Mariño e Diego Lara
210 #9 $aMadrid$cInstitución Ferial de Madrid,$d1985$eMadrid:$gArtes Gráf. Danubio)
215 ## $a1 cartaz$ccolor.$d67x40 cm
317 ## $aColeção Madeira Luís
702 #1 $aMariño$bJuan$4440$31984919
702 #1 $aLara$bDiego$4440$31984920
710 02 $aIFEMA - Feria de Madrid$31661560
801 #0 $aPT$bBN$gRPC
966 ## $lBN$mICONOG$sCT. 20396 A.$x3
971 ## $cCatmusica8$d20260211
995 ## $aPRR2026 $d20260211$iCatmusica8

Etiqueta de registo: 00000nkm 2200025 450
001 2265974
003 http://id.bnportugal.gov.pt/bib/catbnp/2265974
100 ## $a20260212d1982 m y0pory01030103ba
101 0# $aspa
102 ## $aES
200 1# $aArco, Arte Contemporaneo - Feria Internacional de Madrid, 10-17 Feb. 82$bVisual gráfico]$fIFEMA - Institucion Ferial de Madrid$gDiseño: Dolar
210 #9 $aMadrid$cIFEMA - Institucion Ferial de Madrid,$d1982
215 ## $a1 cartaz$ccolor.$d32,9x70,3 cm
317 ## $aColeção Madeira Luís
702 #1 $aDolar$4410$31985217
710 02 $aArco, Feria Internacional de Madrid,$eMadrid,$f1982$31993765
712 02 $aIFEMA - Feria de Madrid$31661560
801 #0 $aPT$bBN$gRPC
966 ## $lBN$mICONOG$sCT. 20618 A.$x3
971 ## $cCaticonografia5$d20260212
995 ## $aPRR2026 $d20260212$iCaticonografia5

Etiqueta de registo: 00000nkm 2200025 450
001 2277635
003 http://id.bnportugal.gov.pt/bib/catbnp/2277635
100 ## $a20260306d1990 m y0pory01030103ba
101 0# $aspa$aeng
102 ## $aES
200 1# $aTem '90, Salón Internacional de Técnicas y Equipamientos Municipales, Madrid, 12-15 junio 1990$bVisual gráfico]$fIFEMA - Institucion Ferial de Madrid
210 #9 $aMadrid$cIFEMA - Institucion Ferial de Madrid,$d1990
215 ## $a1 cartaz$ccolor.$d60x42,4 cm
317 ## $aColeção Madeira Luís
710 02 $aSalón Internacional de Técnicas y Equipamientos Municipales,$eMadrid,$f1990$31989782
712 02 $aIFEMA - Feria de Madrid$4557$31661560
801 #0 $aPT$bBN$gRPC
966 ## $lBN$mICONOG$sCT. 24001 A.$x3
971 ## $cCaticonografia1$d20260306
995 ## $aPRR2026

Etiqueta de registo: 00000nkm 2200025 450
001 2278001
003 http://id.bnportugal.gov.pt/bib/catbnp/2278001
100 ## $a20260309d1991 m y0pory01030103ba
101 0# $apor
102 ## $aPT
200 1# $aARCO 91, Madrid, 7-12 feb$bVisual gráfico]$fIFEMA, Feria de Madrid
210 #9 $aMadrid$cIFEMA,$d1991
215 ## $a1 cartaz$cp&b.$d58x30 cm
317 ## $aColeção Madeira Luís
710 02 $aARCO, Feria Internacional de Arte Contemporáneo,$eMadrid,$f1991$31989861
712 02 $aIFEMA - Feria de Madrid$31661560
801 #0 $aPT$bBN$gRPC
966 ## $lBN$mICONOG$sCT. 24011 A.$x3
971 ## $cCaticonografia9$d20260309
995 ## $aPRR2026

OpendataBNP@bnportugal.pt | Mais informação sobre acesso aos dados BNP